| 000 | 00711cam a22002053a 4500 | ||
|---|---|---|---|
| 001 | 42855 | ||
| 003 | PGUSA | ||
| 005 | 20140828083955.0 | ||
| 008 | 130601s2013||||xxu|||||s|||||000 | eng d | ||
| 040 |
_aPGUSA _beng |
||
| 042 | _adc | ||
| 100 | 1 | _aHarris, Thomas Mealey | |
| 245 | 1 | 0 |
_aAssassination of Lincoln : _ba History of the Great Conspiracy : Trial of the Conspirators by a Military Commission and a Review of the Trial of John H. Surratt _h[electronic resource] / _cThomas Mealey Harris |
| 260 |
_bProject Gutenberg, _c2013 |
||
| 506 | _aPublic domain in the USA. | ||
| 516 | _aElectronic text | ||
| 830 | 0 |
_aProject Gutenberg _v42855 |
|
| 856 | 4 | 0 | _uhttp://www.gutenberg.org/ebooks/42855 |
| 942 | _cEB | ||
| 999 |
_c272107 _d272107 |
||